[Event "NB I. Charousek csoport"]
[Site "Biatorbagy"]
[Date "2023.10.29"]
[Round "3.9"]
[White "Kiss, Balazs"]
[Black "Makay, Mark Janos"]
[Result "0-1"]
[WhiteElo "1974"]
[BlackElo "2012"]
[PlyCount "44"]
[EventDate "2023.10.08"]
[EventType "team-tourn"]
[EventRounds "11"]
[EventCountry "HUN"]
[Source "chess.hu"]
[WhiteTeam "Gyori Elektromos"]
[BlackTeam "Biatorbagy II"]
[WhiteTeamCountry "HUN"]
[BlackTeamCountry "HUN"]

1. c4 Nf6 2. Nc3 d5 3. d4 g6 4. g3 Bg7 5. Bg2 c6 6. cxd5 cxd5 7. Nf3 O-O 8. O-O
Nc6 9. Ne5 e6 10. Nxc6 bxc6 11. b3 c5 12. Ba3 Nd7 13. e3 Ba6 14. Re1 Qa5 15.
Na4 Rfc8 16. Rb1 cxd4 17. b4 Qd8 18. exd4 Rc4 19. Qb3 Rxd4 20. Nc5 Bc4 21. Qe3
Nxc5 22. bxc5 Rd3 0-1

[Event "NB I. Charousek csoport"]
[Site "Biatorbagy"]
[Date "2023.10.29"]
[Round "3.10"]
[White "Csoli, Odon"]
[Black "Pal, Istvan"]
[Result "0-1"]
[WhiteElo "2104"]
[BlackElo "1944"]
[PlyCount "68"]
[EventDate "2023.10.08"]
[EventType "team-tourn"]
[EventRounds "11"]
[EventCountry "HUN"]
[Source "chess.hu"]
[WhiteTeam "Biatorbagy II"]
[BlackTeam "Gyori Elektromos"]
[WhiteTeamCountry "HUN"]
[BlackTeamCountry "HUN"]

1. d4 d5 2. c4 e6 3. cxd5 exd5 4. Nc3 Nf6 5. Bg5 c6 6. e3 h6 7. Bh4 Be7 8. Bd3
O-O 9. Qc2 a5 10. Nf3 Na6 11. a3 Nc7 12. O-O Ne6 13. Bxf6 Bxf6 14. b4 b6 15. b5
c5 16. Nxd5 cxd4 17. Nxf6+ Qxf6 18. exd4 Nxd4 19. Nxd4 Qxd4 20. Be4 Rb8 21.
Rad1 Qf6 22. Rd2 Be6 23. Rfd1 Rbc8 24. Bc6 Rfd8 25. h3 Qg5 26. Rd3 g6 27. Qe2
Bf5 28. Rg3 Rxd1+ 29. Qxd1 Rd8 30. Qf3 Qc1+ 31. Kh2 Rd1 32. Rg4 Bxg4 33. Qxg4
Rh1+ 34. Kg3 Qxa3+ 0-1

[Event "NB I. Charousek csoport"]
[Site "Biatorbagy"]
[Date "2023.10.29"]
[Round "3.11"]
[White "Papai, Mate"]
[Black "Nagy, Aron"]
[Result "0-1"]
[WhiteElo "1782"]
[BlackElo "2112"]
[PlyCount "64"]
[EventDate "2023.10.08"]
[EventType "team-tourn"]
[EventRounds "11"]
[EventCountry "HUN"]
[Source "chess.hu"]
[WhiteTeam "Gyori Elektromos"]
[BlackTeam "Biatorbagy II"]
[WhiteTeamCountry "HUN"]
[BlackTeamCountry "HUN"]

1. d4 Nf6 2. c4 c5 3. d5 b5 4. cxb5 a6 5. bxa6 g6 6. Nc3 Bg7 7. e4 O-O 8. Nf3
Qa5 9. Bd2 Bxa6 10. Be2 Qb4 11. Bxa6 Nxa6 12. Qc2 Rfb8 13. Rb1 d6 14. O-O Qb7
15. a3 Nd7 16. Be3 Nc7 17. Rfc1 Qb3 18. Qd3 Ne5 19. Nxe5 Bxe5 20. f4 Bg7 21.
Qd2 Rb7 22. Kf2 Rab8 23. g4 Nb5 24. Nxb5 Rxb5 25. Rc2 Qa2 26. Qd1 Rxb2 27.
Rbxb2 Rxb2 28. Rxb2 Qxb2+ 29. Qd2 Qxa3 30. h4 Qa1 31. f5 Qh1 32. Kg3 Qxe4 0-1

[Event "NB I. Charousek csoport"]
[Site "Biatorbagy"]
[Date "2023.10.29"]
[Round "3.12"]
[White "Adam, Vivien"]
[Black "Ferenczy, Nora"]
[Result "0-1"]
[WhiteElo "1399"]
[BlackElo "1525"]
[PlyCount "86"]
[EventDate "2023.10.08"]
[EventType "team-tourn"]
[EventRounds "11"]
[EventCountry "HUN"]
[Source "chess.hu"]
[WhiteTeam "Biatorbagy II"]
[BlackTeam "Gyori Elektromos"]
[WhiteTeamCountry "HUN"]
[BlackTeamCountry "HUN"]

1. d4 d5 2. Nc3 Nf6 3. f3 c6 4. Bf4 Bf5 5. g4 Bg6 6. h4 h6 7. e3 e6 8. Bg2 Bd6
9. Bxd6 Qxd6 10. Qd2 Qg3+ 11. Kd1 Nbd7 12. Rh3 Qc7 13. Nge2 c5 14. Nf4 Bh7 15.
g5 Ng8 16. Ke2 cxd4 17. exd4 Bxc2 18. gxh6 Rxh6 19. Rc1 Rf6 20. Rxc2 Qxf4 21.
Qxf4 Rxf4 22. Nb5 Ke7 23. Nc7 Rb8 24. Ke3 Rf6 25. Rg3 Nh6 26. Bh3 Rg8 27. Kf2
a6 28. a3 Nb6 29. Rg5 Rf4 30. Re5 Rxh4 31. Kg3 Rxd4 32. Nxe6 Kd6 33. Nxd4 Kxe5
34. Nb3 Nc4 35. f4+ Kd6 36. Nd4 Re8 37. Bf5 Ne3 38. Rc3 Nexf5+ 39. Nxf5+ Nxf5+
40. Kg4 g6 41. Kg5 d4 42. Rb3 b5 43. Kf6 Re7 0-1

[Event "NB I. Charousek csoport"]
[Site "Budapest"]
[Date "2023.10.29"]
[Round "3.1"]
[White "Kiss, Attila"]
[Black "Papp, Levente"]
[Result "0-1"]
[WhiteElo "2295"]
[BlackElo "2337"]
[PlyCount "122"]
[EventDate "2023.10.08"]
[EventType "team-tourn"]
[EventRounds "11"]
[EventCountry "HUN"]
[Source "chess.hu"]
[WhiteTeam "Haladas VSE II."]
[BlackTeam "MTK Budapest"]
[WhiteTeamCountry "HUN"]
[BlackTeamCountry "HUN"]

1. e4 e6 2. d4 d5 3. Nd2 h6 4. Ngf3 Nf6 5. Bd3 c5 6. e5 Nfd7 7. c3 Nc6 8. O-O
g5 9. b3 h5 10. Bb2 b6 11. Qe2 g4 12. Ne1 cxd4 13. cxd4 Nb4 14. Bb5 a6 15. a3
axb5 16. axb4 Rxa1 17. Bxa1 Bxb4 18. Nd3 Bf8 19. Bc3 Nb8 20. f3 Qg5 21. Ra1 Nc6
22. Ra8 Kd7 23. Nf2 Bb7 24. Ra1 b4 25. Bb2 Bh6 26. Nf1 gxf3 27. Qxf3 Qg6 28.
Nd3 h4 29. Nf2 Rg8 30. h3 Ra8 31. Rxa8 Bxa8 32. Ng4 Bg5 33. Qf2 Bb7 34. Nfe3
Ba6 35. Nc2 Ke8 36. Ne1 Qb1 37. Nh2 Bf4 38. Nhf3 Bg3 39. Qd2 Qe4 40. Qc1 Kd7
41. Qd2 Bf4 42. Qd1 Qe3+ 43. Kh1 Qf2 44. Qa1 Bb5 45. Nh2 Na5 46. Nef3 Bg3 47.
Ng4 Qc2 48. Bc1 Qd1+ 49. Ng1 Kc7 50. Qb2 Nxb3 51. Be3 Kb7 52. Nf2 Bxf2 53. Qxf2
Ka6 54. Qxh4 Qd3 55. Qf2 Na5 56. Bc1 b3 57. Qxf7 Qf1 58. Qg8 Bc6 59. Ba3 Qa1
60. Qc8+ Bb7 61. Qf8 Nc4 0-1

[Event "NB I. Charousek csoport"]
[Site "Budapest"]
[Date "2023.10.29"]
[Round "3.2"]
[White "Ongut, Tamas Gunes"]
[Black "Nagy, Bence"]
[Result "1-0"]
[WhiteElo "2295"]
[BlackElo "2315"]
[PlyCount "63"]
[EventDate "2023.10.08"]
[EventType "team-tourn"]
[EventRounds "11"]
[EventCountry "HUN"]
[Source "chess.hu"]
[WhiteTeam "MTK Budapest"]
[BlackTeam "Haladas VSE II."]
[WhiteTeamCountry "HUN"]
[BlackTeamCountry "HUN"]

1. e4 c5 2. c3 d5 3. exd5 Qxd5 4. d4 g6 5. Nf3 Bg7 6. Nbd2 Nf6 7. Bc4 Qd6 8.
Nb3 cxd4 9. Nbxd4 O-O 10. O-O Nc6 11. h3 Nxd4 12. Nxd4 a6 13. a4 Bd7 14. Re1
Rfd8 15. Qe2 Rac8 16. Bb3 Re8 17. Rd1 Qc7 18. Nf3 e5 19. Be3 Be6 20. Bxe6 Rxe6
21. Rd2 Qc6 22. a5 Ne4 23. Rd3 Nc5 24. Ng5 e4 25. Rdd1 Re7 26. Qc4 h6 27. Nxf7
Rxf7 28. Bxc5 e3 29. fxe3 Bf8 30. Rf1 Rcc7 31. Rxf7 Rxf7 32. Rf1 1-0

[Event "NB I. Charousek csoport"]
[Site "Budapest"]
[Date "2023.10.29"]
[Round "3.3"]
[White "Farkas, Gabor"]
[Black "Matyassy, Lazar"]
[Result "1/2-1/2"]
[WhiteElo "2296"]
[BlackElo "2227"]
[PlyCount "165"]
[EventDate "2023.10.08"]
[EventType "team-tourn"]
[EventRounds "11"]
[EventCountry "HUN"]
[Source "chess.hu"]
[WhiteTeam "Haladas VSE II."]
[BlackTeam "MTK Budapest"]
[WhiteTeamCountry "HUN"]
[BlackTeamCountry "HUN"]

1. e4 c5 2. Nf3 d6 3. d4 cxd4 4. Nxd4 Nf6 5. Nc3 Nc6 6. Bg5 e6 7. Qd2 a6 8.
O-O-O Bd7 9. Kb1 b5 10. Qe1 Nxd4 11. Rxd4 Qb6 12. Bxf6 gxf6 13. Rd3 Be7 14. f4
Qc5 15. Ne2 Bc6 16. Nd4 Bb7 17. Nb3 Qb6 18. Na5 Bc8 19. Be2 Bd8 20. Nb3 a5 21.
Bf3 e5 22. Qd2 Be7 23. Nc1 b4 24. Qe3 Qxe3 25. Rxe3 Bf8 26. Rd1 Bh6 27. Red3
Bxf4 28. Rxd6 Ke7 29. Ne2 Ra7 30. Nxf4 exf4 31. Rb6 Be6 32. Rd3 Rc8 33. h4 Rac7
34. Rd2 Rc5 35. Rf2 Rd8 36. b3 Rd4 37. Kb2 a4 38. bxa4 Ra5 39. Rb7+ Kf8 40. a3
bxa3+ 41. Kxa3 Rdxa4+ 42. Kb2 Ra2+ 43. Kc1 Rc5 44. Rb4 Rc7 45. Rd4 Ra1+ 46. Kb2
Rh1 47. h5 Kg7 48. Be2 Re1 49. Bd3 Rh1 50. Be2 Re1 51. Bf1 Rc5 52. Rxf4 Rxh5
53. Rf2 Rc5 54. Bd3 Rc7 55. Rd8 Rc5 56. Rb8 Rg5 57. Kc3 h5 58. Kd2 Ra1 59. Rb5
Ra4 60. Rb6 Raa5 61. Ke3 Rg3+ 62. Kd4 Rag5 63. Bf1 R3g4 64. Ke3 Re5 65. Rb4
Rgg5 66. Rf4 f5 67. Kd2 fxe4 68. Rbxe4 Rc5 69. c4 Rg4 70. Rxg4+ hxg4 71. Ke3
Kf6 72. Kd4 Rf5 73. Be2 Rf2 74. g3 Rg2 75. Re3 Rg1 76. Rc3 Re1 77. Ke3 Ke5 78.
c5 Ra1 79. Bc4 Bxc4 80. Rxc4 Ra3+ 81. Ke2 Kd5 82. Rxg4 Kxc5 83. Rf4 1/2-1/2

[Event "NB I. Charousek csoport"]
[Site "Budapest"]
[Date "2023.10.29"]
[Round "3.4"]
[White "Kovacsy, Barnabas"]
[Black "Krstic, Uros"]
[Result "1/2-1/2"]
[WhiteElo "2248"]
[BlackElo "2327"]
[PlyCount "45"]
[EventDate "2023.10.08"]
[EventType "team-tourn"]
[EventRounds "11"]
[EventCountry "HUN"]
[Source "chess.hu"]
[WhiteTeam "MTK Budapest"]
[BlackTeam "Haladas VSE II."]
[WhiteTeamCountry "HUN"]
[BlackTeamCountry "HUN"]

1. e4 d5 2. exd5 Qxd5 3. Nc3 Qd6 4. d4 Nf6 5. Nf3 c6 6. Ne5 Nbd7 7. Bf4 Nd5 8.
Nxd5 Qxd5 9. Qd3 Nxe5 10. Bxe5 f6 11. Bg3 Bf5 12. c4 Bxd3 13. cxd5 Bxf1 14.
Rxf1 O-O-O 15. dxc6 Rxd4 16. cxb7+ Kxb7 17. Rd1 Re4+ 18. Kd2 e5 19. f3 Rc4 20.
Kd3 Rd4+ 21. Kc2 Bc5 22. Rxd4 Bxd4 23. Bf2 1/2-1/2

[Event "NB I. Charousek csoport"]
[Site "Budapest"]
[Date "2023.10.29"]
[Round "3.5"]
[White "Magyar, Andras"]
[Black "Geher, Koppany"]
[Result "0-1"]
[WhiteElo "2227"]
[BlackElo "2241"]
[PlyCount "82"]
[EventDate "2023.10.08"]
[EventType "team-tourn"]
[EventRounds "11"]
[EventCountry "HUN"]
[Source "chess.hu"]
[WhiteTeam "Haladas VSE II."]
[BlackTeam "MTK Budapest"]
[WhiteTeamCountry "HUN"]
[BlackTeamCountry "HUN"]

1. e4 c5 2. Nf3 e6 3. d4 cxd4 4. Nxd4 Nf6 5. Nc3 d6 6. g4 e5 7. Nf5 h5 8. g5
Nxe4 9. Nxg7+ Bxg7 10. Nxe4 d5 11. Ng3 h4 12. Nh5 Kf8 13. Nxg7 Kxg7 14. Bg2 Be6
15. c4 d4 16. Bxb7 Nd7 17. Qf3 Rb8 18. Bd5 Qa5+ 19. Bd2 Bxd5 20. cxd5 Qb5 21.
b3 Rbe8 22. a4 Qb7 23. O-O e4 24. Qf5 Re5 25. Qg4 Qxd5 26. Rad1 Nc5 27. Bf4 Re6
28. Be3 Nxb3 29. f4 Qc5 30. f5 Re5 31. g6 f6 32. Bg5 Qb6 33. a5 Qb7 34. Rb1 Rb5
35. a6 Qe7 36. Rf4 d3 37. Rxe4 Re5 38. Rxe5 Qxe5 39. Bxh4 d2 40. Rxb3 Rxh4 41.
Rb7+ Kg8 0-1

[Event "NB I. Charousek csoport"]
[Site "Budapest"]
[Date "2023.10.29"]
[Round "3.6"]
[White "Fodor, Balazs"]
[Black "Pergel, Laszlo"]
[Result "1-0"]
[WhiteElo "2179"]
[BlackElo "2212"]
[PlyCount "79"]
[EventDate "2023.10.08"]
[EventType "team-tourn"]
[EventRounds "11"]
[EventCountry "HUN"]
[Source "chess.hu"]
[WhiteTeam "MTK Budapest"]
[BlackTeam "Haladas VSE II."]
[WhiteTeamCountry "HUN"]
[BlackTeamCountry "HUN"]

1. d4 Nf6 2. c4 e6 3. g3 c5 4. d5 exd5 5. cxd5 d6 6. Nc3 Be7 7. Bg2 O-O 8. Nf3
Na6 9. O-O Nc7 10. a4 b6 11. Nd2 Rb8 12. Nc4 Ba6 13. b3 Qd7 14. e4 Bxc4 15.
bxc4 a6 16. f4 b5 17. e5 Nfe8 18. Rb1 b4 19. Ne4 f5 20. Nf2 Na8 21. Qb3 Nb6 22.
a5 Nc8 23. Nd3 Qc7 24. Ra1 g6 25. Re1 Ng7 26. Ra2 Rf7 27. Bb2 Bf8 28. Ba1 Ne8
29. Bf3 Bg7 30. h4 h5 31. Nf2 Re7 32. Nd3 Kh7 33. Kg2 Rf7 34. Nf2 Re7 35. Nh3
dxe5 36. Ng5+ Kg8 37. fxe5 Bxe5 38. Bxe5 Rxe5 39. Rxe5 Qxe5 40. Re2 1-0

[Event "NB I. Charousek csoport"]
[Site "Budapest"]
[Date "2023.10.29"]
[Round "3.7"]
[White "Czupor, Attila"]
[Black "Terbe, Zsuzsanna"]
[Result "1/2-1/2"]
[WhiteElo "2205"]
[BlackElo "2171"]
[PlyCount "31"]
[EventDate "2023.10.08"]
[EventType "team-tourn"]
[EventRounds "11"]
[EventCountry "HUN"]
[Source "chess.hu"]
[WhiteTeam "Haladas VSE II."]
[BlackTeam "MTK Budapest"]
[WhiteTeamCountry "HUN"]
[BlackTeamCountry "HUN"]

1. e4 e5 2. Nf3 Nc6 3. Bb5 a6 4. Ba4 Nf6 5. O-O Be7 6. Re1 b5 7. Bb3 d6 8. c3
O-O 9. d4 Bg4 10. Be3 Bh5 11. h3 exd4 12. cxd4 Na5 13. Bc2 Nc4 14. Bc1 d5 15.
e5 Nd7 16. b3 1/2-1/2

[Event "NB I. Charousek csoport"]
[Site "Budapest"]
[Date "2023.10.29"]
[Round "3.8"]
[White "Virag, Balint"]
[Black "Rovid, Kalman"]
[Result "0-1"]
[WhiteElo "2147"]
[BlackElo "2152"]
[PlyCount "98"]
[EventDate "2023.10.08"]
[EventType "team-tourn"]
[EventRounds "11"]
[EventCountry "HUN"]
[Source "chess.hu"]
[WhiteTeam "MTK Budapest"]
[BlackTeam "Haladas VSE II."]
[WhiteTeamCountry "HUN"]
[BlackTeamCountry "HUN"]

1. e4 c5 2. Nf3 Nc6 3. d4 cxd4 4. Nxd4 e6 5. Nc3 Qc7 6. Be3 Nf6 7. Ndb5 Qb8 8.
g3 a6 9. Nd4 b5 10. Bg2 Bb7 11. O-O Be7 12. f4 Nxd4 13. Qxd4 O-O 14. e5 Ng4 15.
Bxb7 Qxb7 16. Ne4 f5 17. exf6 gxf6 18. Nf2 Nxe3 19. Qxe3 Rac8 20. Qd3 f5 21.
Rad1 Rc7 22. c3 Bc5 23. h3 d5 24. Kh2 Rf6 25. Qf3 Bxf2 26. Rxf2 Qb6 27. Re2 Rc4
28. Qe3 Qxe3 29. Rxe3 Re4 30. Red3 Rf8 31. Rd4 Re2+ 32. Kg1 Rxb2 33. a4 Rc8 34.
R1d3 h5 35. g4 hxg4 36. hxg4 fxg4 37. axb5 axb5 38. f5 exf5 39. Rxd5 Rf8 40.
Re3 Kg7 41. Ree5 Kg6 42. Re7 Rf6 43. Rb7 Ra6 44. Rd1 Kg5 45. Rf1 Raa2 46. Rd1
f4 47. c4 bxc4 48. Rc7 Kh4 49. Rxc4 Kg3 0-1

[Event "NB I. Charousek csoport"]
[Site "Budapest"]
[Date "2023.10.29"]
[Round "3.9"]
[White "Tomasic, Roland"]
[Black "Gergely, Daniel"]
[Result "0-1"]
[WhiteElo "2112"]
[BlackElo "2147"]
[PlyCount "92"]
[EventDate "2023.10.08"]
[EventType "team-tourn"]
[EventRounds "11"]
[EventCountry "HUN"]
[Source "chess.hu"]
[WhiteTeam "Haladas VSE II."]
[BlackTeam "MTK Budapest"]
[WhiteTeamCountry "HUN"]
[BlackTeamCountry "HUN"]

1. d4 d5 2. c4 e6 3. Nf3 c6 4. b3 Bd6 5. e3 f5 6. Bd3 Nf6 7. O-O Qe7 8. Bb2 a5
9. Nbd2 O-O 10. Qc2 Ne4 11. Ne5 Nd7 12. f3 Nxd2 13. Qxd2 a4 14. Nxd7 Bxd7 15.
c5 Bc7 16. f4 g5 17. b4 gxf4 18. exf4 Kh8 19. g3 Rg8 20. Kh1 Rg6 21. Qe2 Qf6
22. b5 a3 23. Bc3 Ba5 24. Bxa5 Rxa5 25. bxc6 Bxc6 26. Rad1 Ra4 27. Qe5 Rxd4 28.
Qb8+ Rg8 29. Qc7 Rb4 30. Rf2 Rb2 31. Rdd2 Rxd2 32. Rxd2 Qc3 33. Re2 Re8 34. Qf7
Qxd3 35. Qf6+ Kg8 36. Qg5+ Kf7 37. Qh5+ Ke7 38. Kg2 Kd8 39. Kh3 Kc8 40. Re1 Qc3
41. Re5 Qxc5 42. Qe2 Bb5 43. Qd1 Qc4 44. Qd2 Qf1+ 45. Kh4 Qf3 46. Qc2+ Kb8 0-1

[Event "NB I. Charousek csoport"]
[Site "Budapest"]
[Date "2023.10.29"]
[Round "3.11"]
[White "Colev, Ivor"]
[Black "Kaloczi, Kristof"]
[Result "0-1"]
[WhiteElo "2045"]
[BlackElo "2086"]
[PlyCount "84"]
[EventDate "2023.10.08"]
[EventType "team-tourn"]
[EventRounds "11"]
[EventCountry "HUN"]
[Source "chess.hu"]
[WhiteTeam "Haladas VSE II."]
[BlackTeam "MTK Budapest"]
[WhiteTeamCountry "HUN"]
[BlackTeamCountry "HUN"]

1. e4 b6 2. d4 Bb7 3. Bd3 e6 4. Nf3 d5 5. e5 Ba6 6. h4 Bxd3 7. Qxd3 h6 8. h5 c5
9. c3 Nc6 10. a3 c4 11. Qe2 Na5 12. Nbd2 Qd7 13. Rh3 Ne7 14. Nh4 O-O-O 15. Rf3
Nec6 16. Rf4 Qe8 17. Rb1 Kb8 18. Nf1 Be7 19. Rg4 Rg8 20. f4 g6 21. g3 gxh5 22.
Rxg8 Qxg8 23. Qxh5 Bxh4 24. gxh4 Qh7 25. f5 Ne7 26. Ne3 exf5 27. e6 fxe6 28.
Ng2 Qg7 29. Kf2 Rg8 30. Bf4+ Kb7 31. Ne3 Nb3 32. Rd1 Ng6 33. Bxh6 Qh7 34. Rg1
Nf4 35. Qf3 Nd3+ 36. Kf1 Rxg1+ 37. Kxg1 Qxh6 38. Nxc4 Ne1 39. Nd6+ Kc6 40. Qg3
Qxh4 41. Nxf5 Qxg3+ 42. Nxg3 Nd3 0-1

[Event "NB I. Charousek csoport"]
[Site "Budapest"]
[Date "2023.10.29"]
[Round "3.12"]
[White "Broderick, Tamas"]
[Black "Apro, Barnabas"]
[Result "1/2-1/2"]
[WhiteElo "1840"]
[BlackElo "2006"]
[PlyCount "112"]
[EventDate "2023.10.08"]
[EventType "team-tourn"]
[EventRounds "11"]
[EventCountry "HUN"]
[Source "chess.hu"]
[WhiteTeam "MTK Budapest"]
[BlackTeam "Haladas VSE II."]
[WhiteTeamCountry "HUN"]
[BlackTeamCountry "HUN"]

1. d4 d5 2. c4 e6 3. Nf3 Nf6 4. g3 Bb4+ 5. Bd2 Be7 6. Bg2 c6 7. O-O O-O 8. Qc2
b6 9. cxd5 cxd5 10. Bf4 Bd6 11. Bxd6 Qxd6 12. Nc3 Ba6 13. Rfd1 Nbd7 14. Rac1
Rac8 15. Qd2 Rc7 16. e3 Rfc8 17. Bf1 Bxf1 18. Kxf1 a6 19. Ng1 b5 20. f3 Nb6 21.
b3 b4 22. Nce2 a5 23. Rxc7 Rxc7 24. Rc1 Rc6 25. Nf4 Qc7 26. Nge2 Nc8 27. Rxc6
Qxc6 28. Qc1 Na7 29. Qxc6 Nxc6 30. Nd3 Kf8 31. Ke1 Ke7 32. Kd2 Kd6 33. g4 Nd7
34. h3 f6 35. Nf2 g6 36. Kd3 e5 37. f4 exd4 38. exd4 Ne7 39. Ng3 Ke6 40. Ke3 f5
41. Nd3 Nf6 42. Nc5+ Kd6 43. gxf5 gxf5 44. Nd3 Ne4 45. Ne2 Ng6 46. Ne5 Nh4 47.
Nf7+ Ke7 48. Ne5 Ng2+ 49. Kf3 Ne1+ 50. Ke3 Kd6 51. Nf7+ Kd7 52. Ne5+ Ke7 53.
Nf7 Nc2+ 54. Kd3 Ne1+ 55. Ke3 Ng2+ 56. Kf3 Ne1+ 1/2-1/2

[Event "NB I. Charousek csoport"]
[Site "Komlo"]
[Date "2023.10.29"]
[Round "3.1"]
[White "Czebe, Attila"]
[Black "Csiszar, Csaba"]
[Result "1-0"]
[WhiteElo "2360"]
[BlackElo "2382"]
[PlyCount "101"]
[EventDate "2023.10.08"]
[EventType "team-tourn"]
[EventRounds "11"]
[EventCountry "HUN"]
[Source "chess.hu"]
[WhiteTeam "Sentimento Ajka BSK"]
[BlackTeam "Komloi BSK"]
[WhiteTeamCountry "HUN"]
[BlackTeamCountry "HUN"]

1. e4 c5 2. Nc3 Nc6 3. Bb5 Nd4 4. Nf3 a6 5. Bd3 Nc6 6. O-O g6 7. Re1 Bg7 8. e5
d6 9. exd6 Qxd6 10. Ne4 Qc7 11. Nxc5 Ne5 12. Nb3 Nxd3 13. cxd3 Nf6 14. d4 b6
15. d3 Bb7 16. Bg5 O-O 17. Nbd2 Rac8 18. Bh4 Rfe8 19. Bg3 Qd8 20. Rc1 Rxc1 21.
Qxc1 Nd5 22. Ne4 Qd7 23. Qd2 Rc8 24. Nc3 e6 25. Ne4 Bf8 26. a3 f6 27. Qe2 Be7
28. h4 a5 29. h5 g5 30. h6 Bf8 31. Nfd2 Rc6 32. f4 gxf4 33. Bxf4 Qf7 34. Rf1
Qg6 35. Nc4 Bc8 36. Bd2 e5 37. dxe5 Bg4 38. Qf2 f5 39. Ne3 Nxe3 40. Bxe3 Be7
41. Nc3 Qh5 42. Bf4 Qf7 43. d4 Qb3 44. d5 Bc5 45. Be3 Rxh6 46. Bxc5 bxc5 47.
Qxc5 Qc2 48. d6 f4 49. Qd5+ Kg7 50. Qb7+ Kg6 51. Qe4+ 1-0

[Event "NB I. Charousek csoport"]
[Site "Komlo"]
[Date "2023.10.29"]
[Round "3.2"]
[White "Leventic, Ivan"]
[Black "Horvath, Peter"]
[Result "1/2-1/2"]
[WhiteElo "2378"]
[BlackElo "2379"]
[PlyCount "21"]
[EventDate "2023.10.08"]
[EventType "team-tourn"]
[EventRounds "11"]
[EventCountry "HUN"]
[Source "chess.hu"]
[WhiteTeam "Komloi BSK"]
[BlackTeam "Sentimento Ajka BSK"]
[WhiteTeamCountry "HUN"]
[BlackTeamCountry "HUN"]

1. e4 c5 2. Nf3 Nc6 3. Bb5 g6 4. c3 Nf6 5. e5 Nd5 6. O-O Bg7 7. d4 Nc7 8. a4
cxd4 9. cxd4 O-O 10. Nc3 d6 11. Bxc6 1/2-1/2

[Event "NB I. Charousek csoport"]
[Site "Komlo"]
[Date "2023.10.29"]
[Round "3.3"]
[White "Cseke, Richard"]
[Black "Mrkonjic, Nenad"]
[Result "1/2-1/2"]
[WhiteElo "2300"]
[BlackElo "2349"]
[PlyCount "72"]
[EventDate "2023.10.08"]
[EventType "team-tourn"]
[EventRounds "11"]
[EventCountry "HUN"]
[Source "chess.hu"]
[WhiteTeam "Sentimento Ajka BSK"]
[BlackTeam "Komloi BSK"]
[WhiteTeamCountry "HUN"]
[BlackTeamCountry "HUN"]

1. e4 Nf6 2. Nc3 d5 3. e5 Ne4 4. Nf3 Bg4 5. h3 Bxf3 6. Qxf3 Nxc3 7. Qxc3 e6 8.
d4 Nd7 9. Be3 c6 10. Be2 Qb6 11. O-O c5 12. Qb3 cxd4 13. Qxb6 axb6 14. Bxd4 Bc5
15. c3 Ke7 16. Bb5 Rhc8 17. f4 Nb8 18. Bxc5+ bxc5 19. a4 Nc6 20. Rae1 c4 21. f5
Na7 22. f6+ gxf6 23. Rxf6 Nxb5 24. axb5 Rg8 25. Ref1 Rg7 26. h4 h5 27. Rh6 Ra5
28. Rxh5 Rxb5 29. Rf2 Ra5 30. Rh8 Ra1+ 31. Kh2 Re1 32. Rb8 Rxe5 33. Rxb7+ Kf8
34. Rb8+ Ke7 35. Rb7+ Kf8 36. Rb8+ Ke7 1/2-1/2

[Event "NB I. Charousek csoport"]
[Site "Komlo"]
[Date "2023.10.29"]
[Round "3.4"]
[White "Ivan, Attila"]
[Black "Konyves, Almos"]
[Result "0-1"]
[WhiteElo "2219"]
[BlackElo "2279"]
[PlyCount "68"]
[EventDate "2023.10.08"]
[EventType "team-tourn"]
[EventRounds "11"]
[EventCountry "HUN"]
[Source "chess.hu"]
[WhiteTeam "Komloi BSK"]
[BlackTeam "Sentimento Ajka BSK"]
[WhiteTeamCountry "HUN"]
[BlackTeamCountry "HUN"]

1. e4 e5 2. Nf3 Nc6 3. Bb5 a6 4. Ba4 Nf6 5. O-O Be7 6. Re1 b5 7. Bb3 d6 8. c3
O-O 9. d4 exd4 10. cxd4 Bg4 11. Be3 Na5 12. Bc2 Nc4 13. Bc1 c5 14. b3 Nb6 15.
Bb2 Nfd7 16. Nbd2 cxd4 17. Bxd4 Bf6 18. Bxf6 Qxf6 19. h3 Bh5 20. g4 Bg6 21. Nf1
d5 22. Kg2 dxe4 23. Bxe4 Bxe4 24. Rxe4 Nc5 25. g5 Qg6 26. Rg4 Rad8 27. Qe2 f5
28. gxf6 Qxf6 29. Rd1 Nd5 30. b4 Ne6 31. Rxd5 Rxd5 32. Qe4 Rf5 33. N1d2 Ng5 34.
Nxg5 Rxg5 0-1

[Event "NB I. Charousek csoport"]
[Site "Komlo"]
[Date "2023.10.29"]
[Round "3.5"]
[White "Szelenyi, Norbert"]
[Black "Amrein, Roland"]
[Result "1-0"]
[WhiteElo "2252"]
[BlackElo "2194"]
[PlyCount "93"]
[EventDate "2023.10.08"]
[EventType "team-tourn"]
[EventRounds "11"]
[EventCountry "HUN"]
[Source "chess.hu"]
[WhiteTeam "Sentimento Ajka BSK"]
[BlackTeam "Komloi BSK"]
[WhiteTeamCountry "HUN"]
[BlackTeamCountry "HUN"]

1. d4 Nf6 2. Nf3 g6 3. Bf4 Bg7 4. c3 O-O 5. h3 d6 6. Nbd2 Nc6 7. e4 Nd7 8. d5
Ncb8 9. Bc4 Nb6 10. Bb3 a5 11. a4 c6 12. O-O N8d7 13. Re1 Nc5 14. Nf1 Bd7 15.
Bg5 h6 16. Bh4 g5 17. Bg3 cxd5 18. exd5 f5 19. Bc2 f4 20. Bh2 Qe8 21. Nd4 Rf6
22. Ne6 Bxe6 23. dxe6 d5 24. h4 Nxe6 25. Qg4 h5 26. Qd1 g4 27. Qd3 Rh6 28. Rxe6
Rxe6 29. Bxf4 Qf7 30. Bg5 Bf6 31. Ng3 Bxg5 32. hxg5 Rf8 33. Rf1 h4 34. Nf5 Qh5
35. Nh6+ Rxh6 36. gxh6 Qxh6 37. Qe2 Qg7 38. Qe6+ Kh8 39. Qxb6 h3 40. Qg6 e5 41.
Qxg7+ Kxg7 42. gxh3 gxh3 43. Re1 Re8 44. Kh2 Kf6 45. Kxh3 e4 46. Bb3 Ke5 47.
Kg2 1-0

[Event "NB I. Charousek csoport"]
[Site "Komlo"]
[Date "2023.10.29"]
[Round "3.7"]
[White "Szalay-Ocsak, Bank"]
[Black "Benedek, Istvan"]
[Result "1-0"]
[WhiteElo "2211"]
[BlackElo "2109"]
[PlyCount "99"]
[EventDate "2023.10.08"]
[EventType "team-tourn"]
[EventRounds "11"]
[EventCountry "HUN"]
[Source "chess.hu"]
[WhiteTeam "Sentimento Ajka BSK"]
[BlackTeam "Komloi BSK"]
[WhiteTeamCountry "HUN"]
[BlackTeamCountry "HUN"]

1. e4 c5 2. Nf3 Nc6 3. d4 cxd4 4. Nxd4 g6 5. c4 Nf6 6. Nc3 d6 7. f3 Nxd4 8.
Qxd4 Bg7 9. Be3 O-O 10. Qd2 Bd7 11. Be2 Bc6 12. O-O a5 13. b3 Nd7 14. Rab1 Nc5
15. a3 Be5 16. b4 axb4 17. axb4 Ra3 18. Nd5 Nd7 19. f4 Bxd5 20. exd5 Bc3 21.
Qc1 Qa8 22. Rf3 Bg7 23. Bf2 Ra2 24. Bd1 Rc8 25. Bb3 Ra3 26. Qe1 Bf6 27. Rd3 b5
28. cxb5 Qb7 29. Bc2 Rac3 30. Rxc3 Rxc3 31. Qe2 Nb6 32. Be4 Nc4 33. b6 Na3 34.
Rd1 Rb3 35. Qa2 Rc3 36. Bf3 Qa8 37. h3 Qa4 38. Qe2 Qxb4 39. Qa6 Nc4 40. Qa8+
Kg7 41. b7 Rb3 42. Rd4 Bxd4 43. Bxd4+ f6 44. Qe8 Qxb7 45. Bg4 Rd3 46. Be6 Rxd4
47. Qg8+ Kh6 48. Qf8+ Kh5 49. Bg4+ Kh4 50. Kh2 1-0